000 00575cam a2200217 a 4500
001 2822795
005 20180208090913.0
008 830324s1983 mdu b 001 0 eng
010 _a 83006157
020 _a0801830397
040 _aDLC
_cDLC
_dDLC
041 _aeng
080 _a616.890019
082 0 0 _a616.89001/9 PAU
_219
100 1 _a49
101 _aPSI
245 1 4 _aThe perspectives of psychiatry /
_cPaul R. McHugh, Phillip R. Slavney.
504 _aBibliography: p. 149-155.
906 _a7
_bcbc
_corignew
_d1
_eocip
_f19
_gy-gencatlg
942 _2ddc
_cBK
999 _c42173
_d42173